| 000 | 00806nam a2200229Ii 4500 | ||
|---|---|---|---|
| 003 | JO-AjNU | ||
| 008 | 230605s9999||||xx |||||||||||||| ||und|| | ||
| 017 | _a2004/8/1832 | ||
| 020 | _a9957-02-158-3 | ||
| 040 |
_aJO-AjNU _bara _erda _cJO-AjNU |
||
| 041 | _aara | ||
| 050 | 1 | 4 | _aHF 5549 .5 .T7.H85 2005 |
| 100 | 3 |
_aحسنين،حسين محمد, _eauthor _911056 |
|
| 245 | 0 | 0 | _aتحديد الاحتياجات التدريبية:موارد وادوات=Training Needs Assessments: Resources and Tools |
| 250 | _aط1 | ||
| 264 | 3 | 1 | _aعمان: دار مجدلاوي للنشر والتوزيع،2005 |
| 300 | _a456ص | ||
| 336 |
_atext _btxt _2rdacontent |
||
| 337 |
_aunmediated _bn _2rdamedia |
||
| 338 |
_avolume _bnc _2rdacarrier |
||
| 650 | 4 |
_aالتنمية الادارية-التدريب _911057 |
|
| 999 |
_aA2125 _c5693 _d5693 |
||